Topografía en edificaciones / (Registro nro. 4235)
[ vista simple ]
| 000 -LEADER | |
|---|---|
| fixed length control field | 01058namaa22002771a 4500 |
| 003 - CONTROL NUMBER IDENTIFIER | |
| control field | PES SENCICO BE |
| 005 - DATE AND TIME OF LATEST TRANSACTION | |
| control field | 20251020182639.0 |
| 006 - FIXED-LENGTH DATA ELEMENTS--ADDITIONAL MATERIAL CHARACTERISTICS | |
| fixed length control field | t||||| m||| 00| 0 |
| 007 - PHYSICAL DESCRIPTION FIXED FIELD--GENERAL INFORMATION | |
| fixed length control field | tz |
| 008 - FIXED-LENGTH DATA ELEMENTS--GENERAL INFORMATION | |
| fixed length control field | 230710b |||||||| m||| 00| 0 eng d |
| 040 ## - CATALOGING SOURCE | |
| Original cataloging agency | PE SENCICO BE |
| Transcribing agency | PE SENCICO BE |
| 041 ## - LANGUAGE CODE | |
| Language code of text/sound track or separate title | spa |
| 084 ## - OTHER CLASSIFICATION NUMBER | |
| Classification number | I |
| -- | TOP |
| -- | 2015 |
| Item number | Z36 |
| 100 1# - MAIN ENTRY--PERSONAL NAME | |
| 9 (RLIN) | 1222 |
| Personal name | Zanabria Medina, Marcelino |
| Relator term | autor |
| 245 1# - TITLE STATEMENT | |
| Title | Topografía en edificaciones / |
| Statement of responsibility, etc. | Marcelino Zanabria Medina |
| 260 ## - PUBLICATION, DISTRIBUTION, ETC. | |
| Place of publication, distribution, etc. | Lima : |
| Date of publication, distribution, etc. | 2015 |
| 300 ## - PHYSICAL DESCRIPTION | |
| Extent | 37 h. : |
| Other physical details | il. col., diagrs. ; |
| Dimensions | 29 cm. |
| 502 ## - DISSERTATION NOTE | |
| Dissertation note | Monografía de Titulación.-- Servicio Nacional de Capacitación para la Industria de la Construcción. Escuela Superior Técnica. Carrera Profesional Técnica en Topografía y Geodesía, 2015. |
| 650 14 - SUBJECT ADDED ENTRY--TOPICAL TERM | |
| 9 (RLIN) | 4 |
| Topical term or geographic name entry element | Topografía |
| 650 24 - SUBJECT ADDED ENTRY--TOPICAL TERM | |
| 9 (RLIN) | 216 |
| Topical term or geographic name entry element | Edificaciones |
| 650 24 - SUBJECT ADDED ENTRY--TOPICAL TERM | |
| 9 (RLIN) | 116 |
| Topical term or geographic name entry element | Levantamiento topográfico |
| 650 24 - SUBJECT ADDED ENTRY--TOPICAL TERM | |
| 9 (RLIN) | 16 |
| Topical term or geographic name entry element | Diseño de estructuras |
| 710 1# - ADDED ENTRY--CORPORATE NAME | |
| Corporate name or jurisdiction name as entry element | Servicio Nacional de Capacitación para la Industria de la Construcción. |
| Subordinate unit | Escuela Superior Técnica |
| 9 (RLIN) | 1065 |
| 910 ## - USER-OPTION DATA (OCLC) | |
| -- | hfp |
| -- | hfp |
| 942 ## - ADDED ENTRY ELEMENTS (KOHA) | |
| Koha item type | Monografía de Titulación |
| Fecha de la última vez que lo usaron | Número de ingreso o de inventario | Pago total | Signatura topográfica completa | Precio efectivo desde | Tipo de documento | Estado perdido | Sistema de clasificación | Estado dañado | No es para préstamo | Retirado | Ubicación permanente | Ubicación actual | Fecha de adquisición |
|---|---|---|---|---|---|---|---|---|---|---|---|---|---|
| 10/07/2023 | I-00073 | I/TOP/2015/Z36 | 10/07/2023 | Monografía de Titulación | Dewey Decimal Classification | Biblioteca Central Lima | Biblioteca Central Lima | 10/07/2023 |